Cylindrocladium quinqueseptatum Boedijn & Reitsma: A potential pathogen of Hevea rubber (Record no. 56700)

MARC details
000 -LEADER
fixed length control field 00369nam a2200109Ia 4500
100 ## - MAIN ENTRY--AUTHOR NAME
Personal name Jayasinghe C K
245 #0 - TITLE STATEMENT
Title Cylindrocladium quinqueseptatum Boedijn & Reitsma: A potential pathogen of Hevea rubber
260 ## - PUBLICATION, DISTRIBUTION, ETC. (IMPRINT)
Name of publisher International Rubber Research and Development Board Newsletter
Year of publication 1998
300 ## - PHYSICAL DESCRIPTION
Number of Pages 3-Jan
942 ## - ADDED ENTRY ELEMENTS (KOHA)
Koha item type Journals
Holdings
Withdrawn status Lost status Damaged status Not for loan Home library Current library Shelving location Date acquired Serial Enumeration / chronology Koha item type
      Journals RRII Library RRII Library Pathology 17/12/2021 Volume Part, Issue 3 Journals